00413nam a2200157Ia 4500003000400000005001700004008004100021020001500062040000900077082001900086100002300105245005400128260003200182300000900214650003200223OSt20201110113648.0190216s9999||||xx |||||||||||||| ||und|| a5050016681 coclc a891.733bDOS/I aDostoyevsky, Fydor 4aThe Insulted And Humiliated /cFyodor Dostoyevsky bRaduga Pub,c1989.aMoscow: a387p aEnglish Novel-English Novel